000
00382nam a2200145Ia 4500
008
100122s9999 xx 000 0 und d
082
_b
66452
_a
823.08
100
_a
गजेंद्रगडकर मोनिका
245
_a
भूप
260
_b
मौज प्रकाशन
_c
2004
300
_a
152
630
_a
भूप
730
_a
भूप
942
_c
BOOK
999
_c
438983
_d
438980